| 000 | 00364nam a2200109Ia 4500 | ||
|---|---|---|---|
| 008 | 160531s9999 xx 000 0 und d | ||
| 100 | _aPahlavani, Mohammad Reza. | ||
| 245 | _aTheoretical Concepts of Quantum Mechanics | ||
| 245 | _cby Mohammad Reza Pahlavani | ||
| 260 | _c2012 | ||
| 856 | _uhttp://www.intechopen.com/books/theoretical-concepts-of-quantum-mechanics | ||
| 999 |
_c295261 _d295261 |
||